| 000 | 01285cam a22003377a 4500 | ||
|---|---|---|---|
| 003 | CHAP | ||
| 005 | 20220329143049.0 | ||
| 008 | 051124d2004 mx abd r 00110 spa d | ||
| 010 | _a91408 | ||
| 011 | _a92380 | ||
| 035 | _a102944 | ||
| 040 | _cCHAP | ||
| 090 | _aTesis | ||
| 100 | 0 | 0 |
_aEspinoza Guadarrama, Armando. _938045 |
| 245 | 1 | 0 |
_aControl químico en laboratorio del gorgojo de la semilla del tamarindo (Curcyedon serratus Oliver) (Coleoptera: Curculionidae) en Cocula, Gro. _c/por Armando Espinoza Guadarrama |
| 260 |
_aCocula, Gro. : _bEl autor, _c2004 |
||
| 300 |
_a50 h. : _bilus. ; gráf. ; mapas ; cuadros |
||
| 502 | _aTesis (Ing. Agr, Fitotecnista) -- Colegio Superior Agropecuario del Estado de Guerrero. Centro de Estudios Profesionales | ||
| 590 |
_aALEPH _b10 _c20130110 _lUCH01 _h1507 |
||
| 590 |
_aBATCH-UPD _b10 _c20130110 _lUCH01 _h1352 |
||
| 590 |
_aBATCH-UPD _b10 _c20130410 _lUCH01 _h0848 |
||
| 590 |
_aBATCH-UPD _b10 _c20130914 _lUCH01 _h1044 |
||
| 590 |
_aCONVERSION _b10 _c20130109 _lUCH01 _h1351 |
||
| 650 | 1 | 4 |
_aControl químico. _927604 |
| 650 | 1 | 4 |
_aSemillas _xPlagas. _9103924 |
| 650 | 1 | 4 |
_aTamarindo. _9111504 |
| 901 | _aBK | ||
| 905 | _aMarco A. Mendoza T. | ||
| 942 | _cTESIS | ||
| 949 |
_aTesis _bBC _cTES _d1029441 _eTS1 _gDonaciØn _h44385 _i102944 _sb |
||
| 999 |
_c91408 _d91408 |
||